• 首页
  • 本馆介绍
  • 公告通知
  • 最新文献
  • 馆藏检索
  • 电子资源
  • 读者导购
  • 参考咨询
  • 我的图书馆
  • 登录
  • 详细信息显示
  • 放入我的书架
  • 预约/预借图书
  • 作者相关作品
  • 分类相关作品
  • 丛书相关作品
  • 出版社相关作品

书目信息

  • 表格格式
  • 工作单格式
  • 卡片格式
题名:
结构静力学
    
 
作者: 日莫契金 , 巴谢夫斯基 著
分册:  
出版信息: 北京   高等教育出版社  1957.12
页数: 384页
开本: 21cm
丛书名:
单 册:
中图分类: O312
科图分类:
主题词: 结构静力学 , 理论力学 , 一般力学
电子资源:
ISBN:
000 00803nam2 2200289 45
001 0182007092
005 20060403105445.87
010    @dCNY1.80
100    @a19950421d1957 em y0chiy0121 ea
101 0  @achi@crus
102    @aCN
102    @aCN@b110000
102    @aCN@b110000
105    @ay z 000yy
200 10 @a结构静力学@Ajie gou jing li xue@fБ·Н·日莫契金,Л·П·巴谢夫斯基著@FБ·Н·ri mo qi jin,Л·П·ba xie fu si ji zhu
205    @a2版
210    @a北京@c高等教育出版社@d1957.12
215    @a384页@d21cm
606    @a结构静力学
606 0  @a理论力学
606 0  @a一般力学
690    @aO312@v4
701  0 @a日莫契金@Ari mo qi jin@4著
701  0 @a巴谢夫斯基@Aba xie fu si ji@4著
801  2 @aCN@bNLC@c20060403
801  0 @aCN@bTSSF
905    @a10447@dO312@e19
    
    结构静力学/Б·Н·日莫契金,Л·П·巴谢夫斯基著.-2版.-北京:高等教育出版社,1957.12
    384页;21cm
    
    
    ISBN :CNY1.80
    
●
相关链接 在E读中查询图书 在五车中查询图书 在当当中查询图书 在豆瓣中查询图书


正题名:结构静力学     索取号:O312/19         预约/预借

序号 登录号 条形码 馆藏地/架位号 状态 备注
1 0016048   202231888   密集书库/ [索取号:O312/19] 在馆    
2 0016803   202231897   密集书库/ [索取号:O312/19] 在馆    
唐山师范学院图书馆 欢迎您!
大连网信软件有限公司© 版权所有